| 000 | 00507nam a2200169 a 4500 | ||
|---|---|---|---|
| 001 | 000040305 | ||
| 005 | 20201002034039.0 | ||
| 008 | 130821s1976 cu 000 0 spa d | ||
| 040 |
_aDO-SdBNP _bspa _cBNPHU |
||
| 082 | _axxx | ||
| 100 | 1 |
_aSembén, Usmán _966510 |
|
| 240 | 1 | 0 |
_aVoltaiques _lespañol |
| 245 | 1 | 0 |
_aVoltaicas / _cUsmán Sembén ; traducción David González. |
| 260 |
_aLa Habana, Cuba : _bArte y Literatura, _c1976. |
||
| 300 |
_a159 p. ; _c18 cm. |
||
| 700 | 1 |
_aGonzález, David, _etr. _966590 |
|
| 999 |
_c39795 _d39795 |
||